| 000 | 00707cam a2200205 4500 | ||
|---|---|---|---|
| 001 | WS116504 | ||
| 008 | 020128n 000 0 eng u | ||
| 035 | _a(Sirsi) u116504 | ||
| 245 | _aLand Valuation Department : Government of Bermuda | ||
| 520 | _aWeb site for this Bermuda government department including access to the 1999 valuation list, a glossary of terms and a table of tax payable. | ||
| 650 | _aBERMUDA | ||
| 650 | _aINTERNATIONAL | ||
| 650 | _aGOVERNMENT | ||
| 650 | _aVALUATION LIST | ||
| 650 | _aTAXATION | ||
| 650 | _aGLOSSARY | ||
| 690 | _aINTERNATIONAL-AMERICAS | ||
| 856 | 4 | 0 |
_uhttps://www.landvaluation.bm _zView the website free of charge at www.landvaluation.com... |
| 942 | _n0 | ||
| 999 |
_c120001 _d120001 |
||